| 000 | 00484nam a2200181Ia 4500 | ||
|---|---|---|---|
| 008 | 100122s9999 xx 000 0 und d | ||
| 082 |
_b3874 _a923.1445 |
||
| 100 | _aHART LIDDELL | ||
| 245 | _aFOCH: THE MAN OF ORLEANS VOL-1 | ||
| 250 | _a0 | ||
| 260 |
_bPENGUIN BOOKS _c1937 |
||
| 300 | _a272 | ||
| 520 | _aवा क क्र-1 | ||
| 620 | _aवा क क्र-1 | ||
| 630 | _aFOCH: THE MAN OF ORLEANS VOL-1 | ||
| 730 | _aFOCH: THE MAN OF ORLEANS VOL-1 | ||
| 942 | _cBOOK | ||
| 999 |
_c442995 _d442992 |
||